LEADER 01076nam0-22003731i-450- 001 990007179310403321 005 20111202184337.0 035 $a000717931 035 $aFED01000717931 035 $a(Aleph)000717931FED01 035 $a000717931 100 $a20111202d1964----km-y0itay50------ba 101 0 $aita 102 $aIT 200 1 $aPatria potestà e educazione religiosa dei figli$fCarlo Cognetti 210 $aMilano$cGiuffrè$d1964 215 $a106 p.$d25 cm 225 1 $aPubblicazioni della Facoltà di giurisprudenza della Università di Pisa$v3 676 $a346.015 676 $a342.5 700 1$aCognetti,$bCarlo$0407046 801 0$aIT$bUNINA$gRICA$2UNIMARC 901 $aBK 912 $a990007179310403321 952 $aA-I-E-14$b664$fDDRC 952 $aDP IX-77$b3013$fDEC 952 $aVIII C 323$bSez.I 387$fFGBC 952 $aUNIV. 342 (3)$b73372$fFGBC 952 $aII E 35$b75735$fFGBC 959 $aDDRC 959 $aDEC 959 $aFGBC 996 $aPatria potestà e educazione religiosa dei figli$9689457 997 $aUNINA LEADER 02454nas 2200781-a 450 001 996218777603316 005 20230627152507.0 011 $a1751-8121 035 $a(OCoLC)78114432 035 $a(CKB)1000000000256985 035 $a(CONSER)--2010250613 035 $a(EXLCZ)991000000000256985 100 $a20070115a20079999 s-- a 101 0 $aeng 135 $aurmn||||||||| 181 $ctxt$2rdacontent 182 $cc$2rdamedia 183 $acr$2rdacarrier 200 10$aJournal of physics$hA$iMathematical and theoretical 210 $aBristol, UK $cIOP Pub.$d2007- 300 $aRefereed/Peer-reviewed 311 $a1751-8113 517 3 $aMathematical and theoretical 517 1 $aJ. Phys. A : Math. Theor 531 $aJOURNAL OF PHYSICS A 531 $aJOURNAL OF PHYSICS A: MATHEMATICAL & THEORETICAL 531 $aJ. PHYS. A: MATH. THEOR 531 $aJOURNAL OF PHYSICS 531 $aJ PHYS A-MATH THEOR 531 $aMATH THEOR 531 $aJ. PHYS. A-MATH. THEOR 531 1 $aJ. phys., A, Math. theor. 606 $aPhysics$vPeriodicals 606 $aMathematical physics$vPeriodicals 606 $aStatistical physics$vPeriodicals 606 $aDynamics$vPeriodicals 606 $aQuantum theory$vPeriodicals 606 $aPhysique$vPériodiques 606 $aPhysique mathématique$vPériodiques 606 $aPhysique statistique$vPériodiques 606 $aDynamique$vPériodiques 606 $aThéorie quantique$vPériodiques 606 $aDynamics$2fast$3(OCoLC)fst00900295 606 $aMathematical physics$2fast$3(OCoLC)fst01012104 606 $aPhysics$2fast$3(OCoLC)fst01063025 606 $aQuantum theory$2fast$3(OCoLC)fst01085128 606 $aStatistical physics$2fast$3(OCoLC)fst01132076 608 $aPeriodicals.$2fast 615 0$aPhysics 615 0$aMathematical physics 615 0$aStatistical physics 615 0$aDynamics 615 0$aQuantum theory 615 6$aPhysique 615 6$aPhysique mathématique 615 6$aPhysique statistique 615 6$aDynamique 615 6$aThéorie quantique 615 7$aDynamics. 615 7$aMathematical physics. 615 7$aPhysics. 615 7$aQuantum theory. 615 7$aStatistical physics. 712 02$aInstitute of Physics (Great Britain) 906 $aJOURNAL 912 $a996218777603316 996 $aJournal of physics$91956126 997 $aUNISA LEADER 03006nam 2200577Ia 450 001 9910777462703321 005 20200520144314.0 010 $a1-281-91913-6 010 $a9786611919139 010 $a981-277-383-5 035 $a(CKB)1000000000415713 035 $a(StDuBDS)AH24684469 035 $a(SSID)ssj0000112148 035 $a(PQKBManifestationID)11134271 035 $a(PQKBTitleCode)TC0000112148 035 $a(PQKBWorkID)10085639 035 $a(PQKB)10503196 035 $a(WSP)00006082 035 $a(MiAaPQ)EBC1681514 035 $a(Au-PeEL)EBL1681514 035 $a(CaPaEBR)ebr10201456 035 $a(CaONFJC)MIL191913 035 $a(OCoLC)820942706 035 $a(EXLCZ)991000000000415713 100 $a20050503d2006 uy 0 101 0 $aeng 135 $aur||||||||||| 181 $ctxt 182 $cc 183 $acr 200 00$aBiomechanics at micro- and nanoscale levels$hVolume II$b[electronic resource] /$feditor, Hiroshi Wada 210 $aHackensack, NJ ;$aLondon $cWorld Scientific$dc2006 215 $a1 online resource (viii, 168 p.) $cill. (some col.) 300 $aBibliographic Level Mode of Issuance: Monograph 311 $a981-256-746-1 320 $aIncludes bibliographical references and index. 327 $aHeterogeneous Expression of the Motor Protein; Effects of Actin Filaments on Anisotropy and Stiffness of Aortic Smooth Muscle Cells; Micro-Vessel Network Formation of Endothelial Cells; Mechanical Behaviors of Articular Cartilage and Chondrocytes; Reorganization of Cytoskeletal Actin Structure in Osteoblastic Cells; Morphology of Endothelial Cells in Response to Hydrostatic Pressure; Mechanosensing in Intestinal Villi; Microelements for Cartilage Tissue Engineering; Interrelationship Between Water Filtration Velocity and the Thicknesss of Pseudointima; Strengthening of Fibrous Tissues Under Mechanical Stimuli; Assessment of Cortical Bone Microstructure Using Monochromatic Synchrotron Radiation Micro-CT; Numerical Study on Particle Presentations of Blood Cells and the Plasma in Microvascular Blood Flow; Mechanical Models of Skeletal Muscle; Stimulation of the Effects of Actin Binding and Cellular Deformation on the Orientation of Actin Stress Fibers. 330 $aIntended for those interested in understanding research trends in biomechanics at micro- and nanoscale levels, this book details the research carried out in this field by 14 prominent researchers. It covers cell mechanics, cell response to mechanical stimulation, tissue engineering, and computational biomechanics. 606 $aBiomechanics 606 $aCells$xMechanical properties 615 0$aBiomechanics. 615 0$aCells$xMechanical properties. 676 $a571.43 701 $aWada$b Hiroshi$f1949-$01529161 801 0$bMiAaPQ 801 1$bMiAaPQ 801 2$bMiAaPQ 906 $aBOOK 912 $a9910777462703321 996 $aBiomechanics at micro- and nanoscale levels$93773212 997 $aUNINA